[Event "Calvia Amateur Open"]
[Site "Mallorca"]
[Date "2008.10.14"]
[Round "5.13"]
[White "Andersson, Lars"]
[Black "Fruebing, Thomas"]
[Result "1/2-1/2"]
[WhiteElo "2159"]
[BlackElo "2241"]
[PlyCount "36"]
[EventDate "2008.10.10"]
[EventType "swiss"]
[EventRounds "9"]
[EventCountry "ESP"]

1. f4 d5 2. Nf3 g6 3. g3 c6 4. Bg2 Bg7 5. c3 Nh6 6. d3 Qb6 7. e4 dxe4 8. dxe4
O-O 9. Qe2 Qa6 10. Qxa6 Nxa6 11. Be3 Rd8 12. Nbd2 Bg4 13. h3 Be6 14. g4 f5 15.
gxf5 gxf5 16. Ng5 Bf7 17. Nxf7 Nxf7 18. O-O-O Nc7 1/2-1/2

[Event "Calvia Amateur Open"]
[Site "Mallorca"]
[Date "2008.10.14"]
[Round "5.14"]
[White "Persson, Stellan"]
[Black "Galiana Salom, Juan Ramon"]
[Result "0-1"]
[WhiteElo "2133"]
[BlackElo "2223"]
[PlyCount "102"]
[EventDate "2008.10.10"]
[EventType "swiss"]
[EventRounds "9"]
[EventCountry "ESP"]

1. d4 f5 2. c4 g6 3. Nc3 Bg7 4. Nf3 d6 5. e3 c6 6. Qb3 Nh6 7. Be2 Nf7 8. Bd2
O-O 9. h3 a6 10. a4 a5 11. Rd1 e5 12. dxe5 dxe5 13. g3 Qe7 14. e4 Be6 15. Be3
Na6 16. h4 Nb4 17. Ng5 Nxg5 18. Bxg5 Qf7 19. h5 f4 20. hxg6 Qxg6 21. Bh4 f3 22.
Bf1 Rfe8 23. Rd2 Bh6 24. Rd1 Bf8 25. Rd2 Bc5 26. Bd3 Qf7 27. Qd1 Bg4 28. b3 Qg6
29. Bb1 Be3 30. Rd6 Qg7 31. Kf1 Bc5 32. Rd2 Bd4 33. Qc1 Re6 34. Nd1 Rf8 35. Nc3
Rh6 36. Nd1 Rh5 37. Nb2 Qd7 38. Nd3 Nxd3 39. Rxd3 c5 40. Qd2 b6 41. Qc1 Bh3+
42. Ke1 Qg4 43. Kd2 Bxf2 44. Kc3 Bd4+ 45. Kc2 Bg2 46. Rf1 Qxe4 47. Qd1 Bxf1 48.
Qxf1 Qe2+ 49. Qxe2 fxe2 50. Kd2 Rf2 51. Ke1 Rf1+ 0-1

[Event "Calvia Amateur Open"]
[Site "Mallorca"]
[Date "2008.10.14"]
[Round "5.15"]
[White "Haraldsson, Leif"]
[Black "Walton, Alan J"]
[Result "0-1"]
[WhiteElo "2087"]
[BlackElo "2193"]
[PlyCount "116"]
[EventDate "2008.10.10"]
[EventType "swiss"]
[EventRounds "9"]
[EventCountry "ESP"]

1. f4 d5 2. Nf3 g6 3. g3 Bg7 4. Bg2 c5 5. d3 Nc6 6. c3 Nh6 7. O-O O-O 8. e4
dxe4 9. dxe4 e5 10. h3 exf4 11. Bxf4 Qxd1 12. Rxd1 Re8 13. Nbd2 f6 14. Re1 Nf7
15. Nb3 g5 16. Be3 c4 17. Nbd4 Nce5 18. Nxe5 Nxe5 19. Nb5 Re7 20. Bc5 Re6 21.
Ba3 Rc6 22. Rad1 Bd7 23. Rf1 Bf8 24. Nd6 Kg7 25. Nxb7 Rb8 26. Nd6 Rbb6 27. Nf5+
Bxf5 28. exf5 Bxa3 29. Bxc6 Bc5+ 30. Kg2 Rxc6 31. Rd5 Be7 32. Ra5 a6 33. Re1
Rd6 34. Re2 h5 35. Rc5 Rd7 36. Ra5 Rd6 37. Rc5 Kf7 38. b3 h4 39. gxh4 gxh4 40.
bxc4 Nd3 41. Rxe7+ Kxe7 42. Rc7+ Kd8 43. Rh7 Ne5 44. Rxh4 Rd2+ 45. Kg3 Rd3+ 46.
Kf4 Rxc3 47. Rh8+ Ke7 48. Ke4 Rxc4+ 49. Kd5 Ra4 50. h4 Rxa2 51. h5 a5 52. h6
Rd2+ 53. Ke4 a4 54. h7 Rh2 55. Ra8 Rxh7 56. Ra7+ Nd7 57. Kd5 Rh4 58. Ra6 Rf4
0-1

[Event "Calvia Amateur Open"]
[Site "Mallorca"]
[Date "2008.10.14"]
[Round "5.16"]
[White "Mack, Wolfgang"]
[Black "Fabregas Fontanet, Antonio"]
[Result "1/2-1/2"]
[WhiteElo "2185"]
[BlackElo "2069"]
[PlyCount "81"]
[EventDate "2008.10.10"]
[EventType "swiss"]
[EventRounds "9"]
[EventCountry "ESP"]

1. e4 g6 2. Nc3 Bg7 3. g3 c5 4. Bg2 Nc6 5. d3 d6 6. Be3 Nf6 7. h3 Qb6 8. Rb1
O-O 9. Nge2 Nd4 10. O-O e5 11. f4 Nh5 12. f5 Nxe2+ 13. Nxe2 gxf5 14. exf5 Kh8
15. g4 Nf4 16. Nxf4 exf4 17. Bxf4 Bd7 18. Qd2 Rfe8 19. c3 Qa6 20. Rbe1 Bc6 21.
Bg3 Bxg2 22. Kxg2 Qxa2 23. f6 Bf8 24. c4 Qa6 25. Qg5 Qc6+ 26. Kf2 a6 27. Kg1 h6
28. Qf5 Rad8 29. Re7 Rxe7 30. fxe7 Bxe7 31. Qxf7 Qe8 32. Qf5 Qg8 33. Be1 Bf8
34. Bh4 Re8 35. Bf6+ Bg7 36. Qg6 Bxf6 37. Qxh6+ Qh7 38. Rxf6 Qxh6 39. Rxh6+ Kg7
40. Rxd6 Re2 41. Rb6 1/2-1/2

[Event "Calvia Amateur Open"]
[Site "Mallorca"]
[Date "2008.10.15"]
[Round "6.1"]
[White "Spence, David J"]
[Black "Gaya Llodra, Juan"]
[Result "1-0"]
[WhiteElo "2214"]
[BlackElo "2257"]
[PlyCount "103"]
[EventDate "2008.10.10"]
[EventType "swiss"]
[EventRounds "9"]
[EventCountry "ESP"]

1. e4 e6 2. d4 d5 3. Nc3 Nf6 4. e5 Nfd7 5. f4 c5 6. Nf3 Nc6 7. Be3 a6 8. Qd2
Qc7 9. O-O-O b5 10. Ne2 Nb6 11. Ng3 c4 12. c3 b4 13. Qc2 Bd7 14. Kd2 Na4 15.
Qxa4 Nxd4 16. Qxd7+ Kxd7 17. Bxd4 Qa5 18. Be2 bxc3+ 19. bxc3 Rb8 20. Ke3 Bc5
21. Bxc4 Qxc3+ 22. Bd3 Rb2 23. Ne2 Qa3 24. Bxc5 Qxc5+ 25. Nfd4 Qa3 26. f5 exf5
27. Nxf5 Re8 28. Kf4 g6 29. Nfd4 Qe7 30. Nf3 f6 31. Kg3 fxe5 32. Bxa6 Qd6 33.
Bc4 d4 34. Kh3 g5 35. Nxg5 Qh6+ 36. Kg4 Rxe2 37. Bxe2 Rg8 38. h4 Ke7 39. Rb1
Qe6+ 40. Kg3 Qf5 41. Rhf1 Rxg5+ 42. hxg5 Qxg5+ 43. Kh2 Qh6+ 44. Kg1 Qe3+ 45.
Rf2 e4 46. Rbf1 d3 47. Bg4 Qd4 48. Kh1 Qe3 49. Rf6 d2 50. Re6+ Kd8 51. Rf8+ Kc7
52. Rf7+ 1-0

[Event "Calvia Amateur Open"]
[Site "Mallorca"]
[Date "2008.10.15"]
[Round "6.2"]
[White "Ehsan, Ali"]
[Black "Eriksson 1941, Bo"]
[Result "1-0"]
[WhiteElo "2241"]
[BlackElo "2115"]
[PlyCount "49"]
[EventDate "2008.10.10"]
[EventType "swiss"]
[EventRounds "9"]
[EventCountry "ESP"]

1. e4 c5 2. Nf3 d6 3. d4 cxd4 4. Nxd4 Nf6 5. Nc3 a6 6. f3 e5 7. Nb3 Be6 8. Be3
b5 9. Qd2 Nbd7 10. O-O-O Nb6 11. Qf2 Nc4 12. Bxc4 Bxc4 13. Na5 Qc8 14. g4 Be7
15. g5 Nd7 16. Nxc4 Qxc4 17. Kb1 Rc8 18. h4 b4 19. Nd5 a5 20. h5 a4 21. Qd2 Bd8
22. Nxb4 O-O 23. Nd5 Nb8 24. g6 f6 25. h6 1-0

[Event "Calvia Amateur Open"]
[Site "Mallorca"]
[Date "2008.10.15"]
[Round "6.3"]
[White "Massanet Massanet, Sebastian"]
[Black "Eriksson, Jorgen"]
[Result "0-1"]
[WhiteElo "2299"]
[BlackElo "2217"]
[PlyCount "51"]
[EventDate "2008.10.10"]
[EventType "swiss"]
[EventRounds "9"]
[EventCountry "ESP"]

1. e4 e6 2. d4 d5 3. Nc3 Bb4 4. e5 Ne7 5. a3 Bxc3+ 6. bxc3 b6 7. g3 Ba6 8. Bh3
c5 9. Ne2 Nbc6 10. Nf4 O-O 11. Nh5 Ng6 12. f4 Qc7 13. Kf2 Rae8 14. Kg2 f6 15.
Bxe6+ Rxe6 16. f5 Ree8 17. e6 Nge7 18. Qg4 Nxf5 19. Qxf5 cxd4 20. Bf4 Qe7 21.
Rhe1 g6 22. Qxd5 Bb7 23. Kh3 gxh5 24. Bd6 Ne5 25. Qxd4 Qxe6+ 26. Kh4 0-1

[Event "Calvia Amateur Open"]
[Site "Mallorca"]
[Date "2008.10.15"]
[Round "6.4"]
[White "Hutchinson, Paul A"]
[Black "Scherer, Helmut"]
[Result "0-1"]
[WhiteElo "2213"]
[BlackElo "2299"]
[PlyCount "96"]
[EventDate "2008.10.10"]
[EventType "swiss"]
[EventRounds "9"]
[EventCountry "ESP"]

1. e4 c5 2. d4 cxd4 3. c3 d3 4. Bxd3 Nc6 5. c4 d6 6. Nc3 Nf6 7. h3 e6 8. Nf3
Be7 9. O-O O-O 10. Be3 b6 11. Qe2 Bb7 12. Rad1 Nd7 13. Bb1 a6 14. Rd2 Qc7 15.
a3 Rac8 16. Rc2 Qb8 17. Rfc1 Rfe8 18. Nd2 Bf6 19. Qg4 Nd4 20. Bxd4 Bxd4 21. Ne2
Bf6 22. Nf4 g6 23. h4 Bg7 24. h5 Nf6 25. Qf3 Rc5 26. hxg6 hxg6 27. Re1 Nh5 28.
b4 Rf5 29. g3 Nxf4 30. gxf4 Qd8 31. Qg3 Rh5 32. Nf3 Bh6 33. Rce2 Qf6 34. f5
exf5 35. Rd1 Bf8 36. Qf4 Kg7 37. Rde1 g5 38. Qg3 g4 39. Nh2 f4 40. Nxg4 fxg3
41. Nxf6 Kxf6 42. fxg3 Rhe5 43. Rf2+ Kg7 44. Rf4 f5 45. Ref1 Bxe4 46. Bxe4 fxe4
47. Kg2 Be7 48. Kf2 Bg5 0-1

[Event "Calvia Amateur Open"]
[Site "Mallorca"]
[Date "2008.10.15"]
[Round "6.5"]
[White "Barcelo Pujadas, Pedro Jose"]
[Black "Hoenick, Andreas"]
[Result "1/2-1/2"]
[WhiteElo "2269"]
[BlackElo "2172"]
[PlyCount "60"]
[EventDate "2008.10.10"]
[EventType "swiss"]
[EventRounds "9"]
[EventCountry "ESP"]

1. Nf3 Nf6 2. c4 b6 3. g3 Bb7 4. Bg2 e6 5. O-O Be7 6. Nc3 O-O 7. Re1 d5 8. d4
Na6 9. cxd5 exd5 10. a3 c5 11. Bf4 Nc7 12. dxc5 bxc5 13. Qb3 Bc6 14. Ne5 Rb8
15. Nxc6 Rxb3 16. Nxd8 Bxd8 17. Bd6 Re8 18. Bxc5 Ne6 19. Bd6 Ba5 20. Bb4 Bxb4
21. axb4 d4 22. Nd5 Nxd5 23. Bxd5 Rxb2 24. b5 Re7 25. Rab1 Rxb1 26. Rxb1 g6 27.
Rd1 Nc7 28. Bc6 Re5 29. Rxd4 Nxb5 30. Ra4 Nc3 1/2-1/2

[Event "Calvia Amateur Open"]
[Site "Mallorca"]
[Date "2008.10.15"]
[Round "6.6"]
[White "Avila Jimenez, Javier"]
[Black "Andersen, Mads"]
[Result "0-1"]
[WhiteElo "2217"]
[BlackElo "2156"]
[PlyCount "93"]
[EventDate "2008.10.10"]
[EventType "swiss"]
[EventRounds "9"]
[EventCountry "ESP"]

1. d4 Nf6 2. c4 g6 3. Nc3 d5 4. Nf3 Bg7 5. Bg5 Ne4 6. cxd5 Nxg5 7. Nxg5 e6 8.
Qd2 exd5 9. Qe3+ Kf8 10. Qf4 Bf6 11. h4 h6 12. Nf3 Kg7 13. g3 Be6 14. Bg2 c6
15. Rc1 Nd7 16. Qd2 Qe7 17. a3 Bf5 18. Qf4 h5 19. O-O Nb6 20. Nd2 Bg4 21. Rc2
g5 22. hxg5 Bxg5 23. Qe5+ Qxe5 24. dxe5 Bxd2 25. Rxd2 Nc4 26. Rc2 Nxe5 27. b4
Nc4 28. a4 Be6 29. e3 h4 30. gxh4 Rxh4 31. Ne2 Rg8 32. Nf4 Kf8 33. Re1 Bf5 34.
Ra2 Be4 35. f3 Bxf3 36. Kf2 Rxf4 37. Bxf3 Rxf3+ 38. Kxf3 Ne5+ 39. Kf2 Nd3+ 40.
Kf1 Nxe1 41. Kxe1 Rg1+ 42. Kf2 Rb1 43. b5 Ke7 44. bxc6 bxc6 45. Ke2 Kd6 46. Kd3
Rb3+ 47. Kd2 0-1

[Event "Calvia Amateur Open"]
[Site "Mallorca"]
[Date "2008.10.15"]
[Round "6.7"]
[White "Walton, Alan J"]
[Black "Tscharotschkin, Michael"]
[Result "1-0"]
[WhiteElo "2193"]
[BlackElo "2263"]
[PlyCount "63"]
[EventDate "2008.10.10"]
[EventType "swiss"]
[EventRounds "9"]
[EventCountry "ESP"]

1. d4 d6 2. e4 f5 3. Nc3 Nf6 4. Bd3 fxe4 5. Nxe4 Nc6 6. Nxf6+ exf6 7. Qh5+ g6
8. Bxg6+ hxg6 9. Qxh8 Qe7+ 10. Be3 Nb4 11. O-O-O Qe4 12. Rd2 Qxg2 13. Bh6 Be6
14. Qxf8+ Kd7 15. Qg7+ Kc6 16. b3 Qxh1 17. Qxg6 Rg8 18. Bg7 Qxh2 19. a3 Nd5 20.
c4 Nf4 21. d5+ Kb6 22. Qe4 Qxg1+ 23. Kb2 Rxg7 24. b4 c5 25. Qxf4 Bxd5 26. Qxd6+
Bc6 27. Qxc5+ Kc7 28. Qd6+ Kb6 29. Qd4+ Ka6 30. b5+ Bxb5 31. cxb5+ Kxb5 32. a4+
1-0

[Event "Calvia Amateur Open"]
[Site "Mallorca"]
[Date "2008.10.15"]
[Round "6.8"]
[White "Lopez Colon, Francisco"]
[Black "Serra Olives, Tomas"]
[Result "1-0"]
[WhiteElo "2249"]
[BlackElo "2156"]
[PlyCount "87"]
[EventDate "2008.10.10"]
[EventType "swiss"]
[EventRounds "9"]
[EventCountry "ESP"]

1. d4 Nf6 2. c4 e6 3. Nc3 Bb4 4. Qc2 O-O 5. a3 Bxc3+ 6. Qxc3 c5 7. dxc5 Ne4 8.
Qe3 f5 9. f3 Nf6 10. Qd3 a5 11. Bf4 a4 12. Rd1 Nc6 13. Bd6 Re8 14. e3 Na5 15.
Qc3 Nb3 16. Ne2 Qa5 17. Qxa5 Rxa5 18. Nc3 Nxc5 19. Bxc5 Rxc5 20. Nxa4 Rc6 21.
c5 Nd5 22. Kf2 Rd8 23. Bb5 Rc7 24. Rd2 g5 25. Bc4 b5 26. Bxb5 f4 27. e4 Ne3 28.
g3 Kg7 29. b4 Ra7 30. Ra1 Kf6 31. Nb6 Ke7 32. a4 Rc7 33. Rc1 h5 34. a5 h4 35.
g4 Bb7 36. a6 Ba8 37. Rc3 h3 38. Rcd3 Bxe4 39. fxe4 Nxg4+ 40. Ke1 Ne5 41. Rxh3
g4 42. Rh7+ Kf6 43. Nxd7+ Nxd7 44. Rdxd7 1-0

[Event "Calvia Amateur Open"]
[Site "Mallorca"]
[Date "2008.10.15"]
[Round "6.9"]
[White "Galiana Salom, Juan Ramon"]
[Black "Mack, Wolfgang"]
[Result "1-0"]
[WhiteElo "2223"]
[BlackElo "2185"]
[PlyCount "57"]
[EventDate "2008.10.10"]
[EventType "swiss"]
[EventRounds "9"]
[EventCountry "ESP"]

1. e4 g6 2. d4 Bg7 3. Bc4 d6 4. Nc3 Nf6 5. Qe2 Nc6 6. e5 Nd7 7. Nf3 O-O 8. Bf4
Nb6 9. Bb3 Na5 10. O-O Nxb3 11. axb3 Bf5 12. Rfd1 a6 13. Rd2 Re8 14. h3 Qb8 15.
Qe3 Qa7 16. Bh6 Bh8 17. Nh4 Bd7 18. f4 Rad8 19. f5 dxe5 20. dxe5 Bc6 21. e6 Nc8
22. exf7+ Kxf7 23. fxg6+ hxg6 24. Rf2+ Bf6 25. Qg3 Rg8 26. Be3 b6 27. Bg5 Nd6
28. Qf4 Ne8 29. Qc4+ 1-0

[Event "Calvia Amateur Open"]
[Site "Mallorca"]
[Date "2008.10.15"]
[Round "6.10"]
[White "Fruebing, Thomas"]
[Black "Lacrosse, Marc"]
[Result "1/2-1/2"]
[WhiteElo "2241"]
[BlackElo "2181"]
[PlyCount "41"]
[EventDate "2008.10.10"]
[EventType "swiss"]
[EventRounds "9"]
[EventCountry "ESP"]

1. e4 e5 2. Nf3 Nc6 3. Nc3 Nf6 4. Bb5 Bb4 5. O-O O-O 6. d3 d6 7. Bg5 Bxc3 8.
bxc3 Bd7 9. Re1 h6 10. Bc1 Ne7 11. Bxd7 Qxd7 12. c4 Ng6 13. h3 Rae8 14. Nh2 Nh7
15. Qg4 Qa4 16. Re2 Nf6 17. Qf3 Nh4 18. Qg3 Ng6 19. Qf3 Nh4 20. Qe3 Ng6 21. Qf3
1/2-1/2

[Event "Calvia Amateur Open"]
[Site "Mallorca"]
[Date "2008.10.15"]
[Round "6.11"]
[White "Luijpen, Michiel"]
[Black "Garcia Del Rey, Senen"]
[Result "0-1"]
[WhiteElo "2066"]
[BlackElo "2295"]
[PlyCount "56"]
[EventDate "2008.10.10"]
[EventType "swiss"]
[EventRounds "9"]
[EventCountry "ESP"]

1. e4 g6 2. d4 Bg7 3. Nc3 d6 4. f4 a6 5. Nf3 b5 6. Bd3 Nd7 7. e5 e6 8. O-O Ne7
9. Be3 Nb6 10. Ne2 O-O 11. b3 Ned5 12. Bf2 b4 13. Qd2 Bb7 14. a3 a5 15. Ng5 Qd7
16. c4 bxc3 17. Nxc3 Nxc3 18. Qxc3 Nd5 19. Qd2 dxe5 20. fxe5 c5 21. Nf3 Ne7 22.
Bc4 Bxf3 23. gxf3 Bxe5 24. Rad1 Rfd8 25. Qg5 Bxd4 26. Bxd4 cxd4 27. Rfe1 Nf5
28. Re5 Kg7 0-1

[Event "Calvia Amateur Open"]
[Site "Mallorca"]
[Date "2008.10.15"]
[Round "6.13"]
[White "Planas Gene, Juan"]
[Black "Lechado Artigues, Pedro"]
[Result "1-0"]
[WhiteElo "2184"]
[BlackElo "2021"]
[PlyCount "63"]
[EventDate "2008.10.10"]
[EventType "swiss"]
[EventRounds "9"]
[EventCountry "ESP"]

1. d4 Nf6 2. c4 g6 3. Nc3 Bg7 4. e4 d6 5. Nf3 O-O 6. Be2 Na6 7. O-O e5 8. d5
Nc5 9. Nd2 a5 10. Qc2 a4 11. Rb1 Bd7 12. b4 axb3 13. axb3 Ne8 14. b4 Na6 15.
Ba3 f5 16. c5 f4 17. f3 h5 18. c6 bxc6 19. dxc6 Bc8 20. b5 Nb8 21. Qb3+ Kh8 22.
Bb4 g5 23. Ra1 Rxa1 24. Rxa1 g4 25. Ra8 gxf3 26. Nxf3 Bg4 27. h3 Bxf3 28. Bxf3
Nf6 29. Nd5 Kh7 30. b6 Nxd5 31. Qxd5 cxb6 32. Qxd6 1-0

[Event "Calvia Amateur Open"]
[Site "Mallorca"]
[Date "2008.10.15"]
[Round "6.14"]
[White "Perez Prieto, German"]
[Black "Anibal, Joaquim"]
[Result "1/2-1/2"]
[WhiteElo "2009"]
[BlackElo "2167"]
[PlyCount "62"]
[EventDate "2008.10.10"]
[EventType "swiss"]
[EventRounds "9"]
[EventCountry "ESP"]

1. Nf3 c5 2. e4 Nc6 3. d4 cxd4 4. c3 d3 5. Bxd3 g6 6. O-O Bg7 7. Be3 Nf6 8. h3
O-O 9. c4 d6 10. Nc3 Nd7 11. Qd2 Nc5 12. Bc2 Nb4 13. Rad1 Be6 14. Nd5 Nxc2 15.
Qxc2 Rc8 16. b4 Nd7 17. Qb3 Bxd5 18. exd5 Qc7 19. Rc1 Rfd8 20. Rfe1 Nf6 21. Bd4
a6 22. Qe3 Re8 23. Ng5 Qd7 24. Ne4 Nxe4 25. Qxe4 Bxd4 26. Qxd4 Qa4 27. Qb2 Rc7
28. Re3 Qd7 29. Qd4 Rd8 30. Rce1 Re8 31. a3 Rc6 1/2-1/2

[Event "Calvia Amateur Open"]
[Site "Mallorca"]
[Date "2008.10.15"]
[Round "6.15"]
[White "Miranda Gonzalez, Jose Luis"]
[Black "Andersson, Lars"]
[Result "1/2-1/2"]
[WhiteElo "1994"]
[BlackElo "2159"]
[PlyCount "34"]
[EventDate "2008.10.10"]
[EventType "swiss"]
[EventRounds "9"]
[EventCountry "ESP"]

1. e4 d6 2. d4 Nf6 3. Nc3 g6 4. Nf3 Bg7 5. Be2 O-O 6. h3 e6 7. Be3 a6 8. a4 b6
9. e5 dxe5 10. Nxe5 Bb7 11. Bf3 Nd5 12. Nxd5 exd5 13. Nd3 Nc6 14. c3 a5 15. O-O
Qd7 16. Re1 Rae8 17. Qd2 Re7 1/2-1/2

[Event "Calvia Amateur Open"]
[Site "Mallorca"]
[Date "2008.10.15"]
[Round "6.17"]
[White "Juan Mas, Santiago"]
[Black "Alvarez Morales, Miguel"]
[Result "1-0"]
[WhiteElo "2095"]
[BlackElo "2009"]
[PlyCount "79"]
[EventDate "2008.10.10"]
[EventType "swiss"]
[EventRounds "9"]
[EventCountry "ESP"]

1. Nc3 Nf6 2. e4 d5 3. e5 Nfd7 4. f4 Nb6 5. d4 Bf5 6. g4 Bc8 7. Bg2 e6 8. Nf3
h5 9. gxh5 c5 10. Ne2 Rxh5 11. c3 Nc6 12. O-O Be7 13. b3 Bd7 14. Be3 cxd4 15.
Bxd4 Nxd4 16. Nfxd4 g6 17. Kh1 Rc8 18. Qd2 Bh4 19. a4 Kf8 20. Qe3 Kg7 21. Bf3
Rh6 22. Rg1 Qh8 23. Rg2 Rg8 24. a5 Na8 25. f5 exf5 26. e6 Bxe6 27. Nxe6+ fxe6
28. Qxe6 Re8 29. Qxd5 Bf6 30. Qxb7+ Re7 31. Qxa8 Re8 32. Qxa7+ Re7 33. Qc5 Re5
34. Qd6 Re3 35. Nd4 Qc8 36. Rf1 Be5 37. Qe7+ Kh8 38. Qg5 Kh7 39. Qxe3 Qb8 40.
Nc6 1-0

[Event "Calvia Amateur Open"]
[Site "Mallorca"]
[Date "2008.10.16"]
[Round "7.1"]
[White "Scherer, Helmut"]
[Black "Spence, David J"]
[Result "1-0"]
[WhiteElo "2299"]
[BlackElo "2214"]
[PlyCount "47"]
[EventDate "2008.10.10"]
[EventType "swiss"]
[EventRounds "9"]
[EventCountry "ESP"]

1. e4 e6 2. d4 d5 3. Nc3 dxe4 4. Nxe4 Bd7 5. Nf3 Bc6 6. Bd3 Nd7 7. O-O Bxe4 8.
Bxe4 c6 9. c4 Ngf6 10. Bc2 Be7 11. Bd2 c5 12. Bc3 cxd4 13. Nxd4 a6 14. Re1 O-O
15. Qf3 Qc7 16. Nf5 Bc5 17. Nh6+ Kh8 18. Ng4 Be7 19. Qh3 g6 20. Rad1 e5 21.
Rxe5 Nxe5 22. Bxe5 Qc6 23. Qh4 Rfe8 24. Bxf6+ 1-0

[Event "Calvia Amateur Open"]
[Site "Mallorca"]
[Date "2008.10.16"]
[Round "7.2"]
[White "Eriksson, Jorgen"]
[Black "Ehsan, Ali"]
[Result "1/2-1/2"]
[WhiteElo "2217"]
[BlackElo "2241"]
[PlyCount "45"]
[EventDate "2008.10.10"]
[EventType "swiss"]
[EventRounds "9"]
[EventCountry "ESP"]

1. d4 d5 2. c4 c6 3. Nf3 e6 4. Nc3 f5 5. g3 Nf6 6. Bg2 Bd6 7. O-O O-O 8. c5 Bc7
9. Bf4 Bxf4 10. gxf4 Ne4 11. Qc2 Nd7 12. b4 g5 13. fxg5 Nxg5 14. Nxg5 Qxg5 15.
f4 Qg7 16. e3 Nf6 17. Rf3 Kh8 18. Rg3 Qe7 19. Kh1 Bd7 20. Bf3 Rg8 21. Rag1 Rxg3
22. Rxg3 Be8 23. Rg1 1/2-1/2

[Event "Calvia Amateur Open"]
[Site "Mallorca"]
[Date "2008.10.16"]
[Round "7.3"]
[White "Andersen, Mads"]
[Black "Lopez Colon, Francisco"]
[Result "1/2-1/2"]
[WhiteElo "2156"]
[BlackElo "2249"]
[PlyCount "74"]
[EventDate "2008.10.10"]
[EventType "swiss"]
[EventRounds "9"]
[EventCountry "ESP"]

1. e4 d6 2. d4 Nf6 3. Nc3 g6 4. f4 Bg7 5. Nf3 O-O 6. Bd3 Na6 7. O-O c5 8. d5
Rb8 9. f5 gxf5 10. exf5 Nc7 11. Ng5 b5 12. Nge4 Nfxd5 13. Nxd5 Nxd5 14. Qg4 Kh8
15. Qh5 Nf6 16. Nxf6 Bxf6 17. Rf3 Rg8 18. Rh3 Rg7 19. Bh6 Qg8 20. Bxg7+ Qxg7
21. Rg3 Qf8 22. c3 c4 23. Be4 Bb7 24. Qf3 Bxe4 25. Qxe4 Be5 26. Rh3 Qg7 27. a4
bxa4 28. Rxa4 Qg5 29. Ra1 f6 30. Qc2 Rb7 31. Rf3 Qh5 32. h3 Qg5 33. Ra4 d5 34.
Kf1 Rd7 35. Ra1 d4 36. cxd4 Rxd4 37. Rd1 Qh4 1/2-1/2

[Event "Calvia Amateur Open"]
[Site "Mallorca"]
[Date "2008.10.16"]
[Round "7.4"]
[White "Eriksson 1941, Bo"]
[Black "Barcelo Pujadas, Pedro Jose"]
[Result "0-1"]
[WhiteElo "2115"]
[BlackElo "2269"]
[PlyCount "134"]
[EventDate "2008.10.10"]
[EventType "swiss"]
[EventRounds "9"]
[EventCountry "ESP"]

1. e4 e6 2. d4 d5 3. Nc3 Nf6 4. Bg5 Bb4 5. e5 h6 6. Bd2 Bxc3 7. bxc3 Ne4 8. Qg4
g6 9. h4 c5 10. Bd3 Nxd2 11. Kxd2 Nc6 12. Rh3 Qa5 13. Bxg6 Nxd4 14. Rg3 Rf8 15.
Bd3 Bd7 16. Qg7 O-O-O 17. Qxh6 c4 18. Bh7 Nb5 19. Ne2 Bc6 20. Ke1 d4 21. Kf1
dxc3 22. Kg1 Qa3 23. Nxc3 Nxc3 24. Qe3 Qb2 25. Qxc3 Qxc3 26. Rxc3 Rh8 27. Be4
Bxe4 28. Rxc4+ Bc6 29. Re1 Rd5 30. Rf4 Rh7 31. Re3 Rd2 32. Rh3 Rxc2 33. Rg4 Re2
34. Rg5 Kd7 35. a3 Ke7 36. h5 Be4 37. f3 Bf5 38. g4 Bc2 39. f4 Rh8 40. Kf1 Rd2
41. f5 exf5 42. gxf5 Bd3+ 43. Ke1 Rd8 44. Re3 Rh2 45. e6 Bc2 46. Re2 Rxe2+ 47.
Kxe2 Kf6 48. Rg3 Bxf5 49. exf7 Kxf7 50. h6 Kf6 51. Rg7 Rd7 52. Rg1 Rh7 53. Rh1
Kg5 54. Kd2 Rxh6 55. Rg1+ Kf6 56. Kc3 Rh7 57. Re1 Re7 58. Rf1 Ke5 59. Kb4 Rc7
60. Rd1 Be4 61. Rd8 Bd5 62. a4 Kd4 63. Rh8 Rc4+ 64. Ka3 Bc6 65. Rh4+ Kc5 66.
Rh5+ Kb6 67. a5+ Ka6 0-1

[Event "Calvia Amateur Open"]
[Site "Mallorca"]
[Date "2008.10.16"]
[Round "7.5"]
[White "Gaya Llodra, Juan"]
[Black "Walton, Alan J"]
[Result "1/2-1/2"]
[WhiteElo "2257"]
[BlackElo "2193"]
[PlyCount "104"]
[EventDate "2008.10.10"]
[EventType "swiss"]
[EventRounds "9"]
[EventCountry "ESP"]

1. d4 e6 2. g3 f5 3. Bg2 Nf6 4. c4 Be7 5. Nc3 O-O 6. Qb3 a5 7. a3 c6 8. c5 Nd5
9. Nf3 b6 10. cxb6 Ra6 11. O-O Qxb6 12. Qc2 Bf6 13. e4 fxe4 14. Nxe4 Bxd4 15.
Neg5 Nf6 16. Nxd4 Qxd4 17. Be3 Qg4 18. Bf4 Rb6 19. Rfe1 Rb5 20. h4 Qh5 21. a4
Rb7 22. Bd6 Re8 23. Re5 Qg6 24. Qe2 h6 25. Ne4 Nd5 26. Nc5 Rb4 27. Be4 Qf7 28.
Ra3 Nf6 29. Rf3 Rd4 30. Bxb8 Qe7 31. Bg6 Rf8 32. Ne4 d6 33. Rxa5 Bb7 34. Ba7 c5
35. Nxf6+ Rxf6 36. Rxf6 Qxf6 37. Bh5 Qf5 38. Kh2 Qd5 39. Bf3 Qxf3 40. Qxf3 Bxf3
41. g4 Rxg4 42. Bb8 Bc6 43. Bxd6 Rxh4+ 44. Kg3 Rxa4 45. Rxc5 Bd5 46. Rc7 g5 47.
Be5 Ra1 48. f4 gxf4+ 49. Bxf4 Rg1+ 50. Kf2 Rg2+ 51. Ke3 Rxb2 52. Bxh6 Rb7
1/2-1/2

[Event "Calvia Amateur Open"]
[Site "Mallorca"]
[Date "2008.10.16"]
[Round "7.6"]
[White "Hoenick, Andreas"]
[Black "Galiana Salom, Juan Ramon"]
[Result "1/2-1/2"]
[WhiteElo "2172"]
[BlackElo "2223"]
[PlyCount "86"]
[EventDate "2008.10.10"]
[EventType "swiss"]
[EventRounds "9"]
[EventCountry "ESP"]

1. d4 d5 2. c4 c6 3. Nf3 Nf6 4. Nc3 e6 5. e3 Nbd7 6. Bd3 dxc4 7. Bxc4 b5 8. Bd3
a6 9. e4 c5 10. e5 cxd4 11. Nxb5 Ng4 12. Qa4 Rb8 13. Nd6+ Bxd6 14. exd6 Qb6 15.
O-O Qxd6 16. Qxd4 Qxd4 17. Nxd4 Nge5 18. Be2 O-O 19. b3 Bb7 20. Bb2 Ng6 21.
Rfd1 Nf6 22. f3 Nf4 23. Bf1 N4d5 24. Kf2 Rfc8 25. Rac1 h6 26. Rc4 Nb6 27. Rxc8+
Rxc8 28. Rc1 Nfd5 29. Rxc8+ Nxc8 30. a3 g6 31. b4 Ncb6 32. Nb3 Na4 33. Nc5 Nxc5
34. bxc5 Ne7 35. Bc3 f5 36. Bc4 Kf7 37. h4 h5 38. Ke3 Nc6 39. Kf4 Bc8 40. Kg5
Ne7 41. Bf6 Nc6 42. Bc3 Ne7 43. Bf6 Nc6 1/2-1/2

[Event "Calvia Amateur Open"]
[Site "Mallorca"]
[Date "2008.10.16"]
[Round "7.7"]
[White "Schuermans, Robert"]
[Black "Massanet Massanet, Sebastian"]
[Result "1/2-1/2"]
[WhiteElo "2128"]
[BlackElo "2299"]
[PlyCount "139"]
[EventDate "2008.10.10"]
[EventType "swiss"]
[EventRounds "9"]
[EventCountry "ESP"]

1. e4 c5 2. Nf3 d6 3. d4 cxd4 4. Nxd4 Nf6 5. Nc3 a6 6. Bg5 e6 7. f4 Qb6 8. Qd2
Qxb2 9. Rb1 Qa3 10. f5 Nc6 11. fxe6 fxe6 12. Nxc6 bxc6 13. e5 dxe5 14. Bxf6
gxf6 15. Ne4 Qxa2 16. Nxf6+ Kf7 17. Rd1 Qb2 18. Ne4 Bb4 19. c3 Qxd2+ 20. Rxd2
Be7 21. Bc4 Rd8 22. O-O+ Kg7 23. Rxd8 Bxd8 24. Nd6 a5 25. Rf7+ Kg8 26. Bd3 Bb6+
27. Kh1 Ba6 28. Bxh7+ Kh8 29. Rd7 Rf8 30. h3 Be3 31. Be4 a4 32. Nf7+ Kg8 33.
Nd8 Bc4 34. Nxc6 Rf1+ 35. Kh2 a3 36. Ne7+ Kf8 37. Ng6+ Ke8 38. Bc6 Bf4+ 39.
Nxf4 exf4 40. Ra7+ Kd8 41. Rxa3 Ke7 42. h4 Be2 43. Ra5 Rc1 44. Ra3 Kf6 45. Be4
Ke5 46. Bg6 Kf6 47. h5 Bg4 48. Ra4 e5 49. c4 Bf5 50. Ra6+ Kg5 51. Bf7 e4 52.
Ra5 Kf6 53. h6 Bh7 54. Bd5 e3 55. Ra2 Kg5 56. Bf3 Rxc4 57. Ra6 Bf5 58. Ra5 Kf6
59. Ra6+ Kg5 60. Ra5 Kg6 61. h7 Rc8 62. Ra4 Kg5 63. Ra5 Rh8 64. g4 fxg3+ 65.
Kxg3 Rxh7 66. Bg4 Rf7 67. Rxf5+ Rxf5 68. Bxf5 Kxf5 69. Kf3 e2 70. Kxe2 1/2-1/2